Statystyki dla Jaka partia miała najwicej posłów w każdej kadencji sejmu po 1989

Kliknij tutaj aby rozwiązać quiz!

Ogólne statystyki

  • Ten quiz został rozwiązany 227 razy
  • Średni wynik to 9 z 10

Statystyki odpowiedzi

KadencjaLataPartia polityczna% Poprawnych
VIII2015-2019PIS
99%
V2005-2007PIS
99%
IX2019-do terazPIS
99%
VI2007-2011PO
99%
VII2011-2015PO
99%
I1991-1993SLD
89%
II1993-1997SLD
89%
III1997-2001SLD
89%
IV2001-2005SLD
89%
X1989-1991OKP
6%

Rozkład punktacji

Percentyl według liczby udzielonych odpowiedzi

Procent ludzi z każdym wynikiem

Twoja historia wyników

Nie rozwiązałeś tego quizu